Vybrané aspekty procesov biologického odstraňovania dusíka z odpadových vôd

Saved in:
Bibliographic Details
Main Author: Bodík, Igor, 1961- (Author)
Format: Manuscript Book
Language:Slovak
Published: Bratislava : STU v Bratislave FCHPT, 2003
Edition:Obháj.: 14.11.2003
Tags: Add Tag
No Tags, Be the first to tag this record!

MARC

LEADER 00000ntm a22000003a 4500
001 stu82883
005 20150617225634.9
008 031215s2003----xo------------------slo-d
040 |a STU  |b slo 
041 0 |a slo 
044 |a xo 
080 |a 628.35(043.5) 
100 1 |a Bodík, Igor,  |d 1961-  |4 aut  |u C6290  |U FCHPT Ústav chemického a environmentálneho inžinierstva  |T FCHPT Oddelenie environmentálneho inžinierstva  |X 3340  |U C6290  |Y 120  |7 A000003340 
245 1 |a Vybrané aspekty procesov biologického odstraňovania dusíka z odpadových vôd 
250 |a Obháj.: 14.11.2003 
260 |a Bratislava :  |b STU v Bratislave FCHPT,  |c 2003 
300 |a 25 s  |c príloha 
500 |a Katedra environmentálneho inžinierstva 
996 |b 284C030335  |c C*H111  |l CCI  |s A  |a 24  |w stu82883_0001